Statistics for Most Populated Countries of the World Map Quiz

Click here to take the quiz!

General Stats

  • This quiz has been taken 103 times
  • The average score is 25 of 25

Answers on the Map

Answers color-coded by a green-red scale on the quiz's map according to % correct below.
 

Answer Stats

Answer% Correct
India
100%
Bangladesh
99%
Brazil
99%
China
99%
Egypt
99%
Ethiopia
99%
Germany
99%
Iran
99%
Philippines
99%
Russia
99%
South Africa
99%
Turkey
99%
DR Congo
98%
France
98%
Italy
98%
Mexico
98%
Nigeria
98%
Pakistan
98%
United Kingdom
98%
Indonesia
97%
Japan
97%
Tanzania
97%
Thailand
97%
United States
97%
Vietnam
97%

Score Distribution

Percentile by Number Answered

Percent of People with Each Score

Your Score History

You have not taken this quiz